000 00742nam a2200241Ia 4500
003 OSt
005 20220926011346.0
006 a|||||r|||| 00| 0
007 ta
008 220923b |||||||| |||| 00| 0 eng d
020 _a9780691167657
037 _cGeneral Book
040 _aRTL
_cRTL
_beng
041 _2eng
_aeng
082 _aX:(B2892), Q6
100 _aSCHECTER Stephen
_9314045
245 0 _aGame theory in action
_b An introduction to clasical and evolutionary models
260 _aNew Jersey
_bPrinceton University Press
_c2016
300 _axii,274p
_ccm.
700 _a GINTIS Herbert
_9291256
942 _hX:(B2892), Q6
_cGB
_2CC
999 _c619851
_d619851